LIBRARY & INFORMATION CENTRE, KCAET, TAVANUR

ONLINE PUBLIC ACCESS CATALOGUE (OPAC)

Simulation of the effects of land and vegetation management measures on runoff and sediment yield from a small watershed - a case study (Record no. 15212)

MARC details
000 -LEADER
fixed length control field 00802nam a22001697a 4500
003 - CONTROL NUMBER IDENTIFIER
control field OSt
088 ## - REPORT NUMBER
Report number T 107
100 ## - MAIN ENTRY--AUTHOR NAME
Personal name VINOD KUMAR P. R
245 ## - TITLE STATEMENT
Title Simulation of the effects of land and vegetation management measures on runoff and sediment yield from a small watershed - a case study
260 ## - PUBLICATION, DISTRIBUTION, ETC. (IMPRINT)
Place of publication Tavanur 2000
Name of publisher Kelappaji College of Agricultural Engineering and Technology
300 ## - PHYSICAL DESCRIPTION
Number of Pages 140
500 ## - GENERAL NOTE
General note Simulation of the effects of land and vegetation management measures on runoff and sediment yield from a small watershed - a case study
520 ## - SUMMARY, ETC.
Summary, etc Simulation of the effects of land and vegetation management measures on runoff and sediment yield from a small watershed - a case study
700 ## - ADDED ENTRY--PERSONAL NAME
Personal name Er. Xavier K. Jacob (Guide)
942 ## - ADDED ENTRY ELEMENTS (KOHA)
Koha item type Theses
Holdings
Collection code Home library Current library Shelving location Full call number Accession Number Koha item type Public note
Reference KAUAET KAUAET Reference 631.75807 SIN/SI T 107 Theses M.Tech Thesis
free website counter